000 00472nam a2200181Ia 4500
001 11080
005 20260306161919.0
008 260306t2017||||xx |||||||||||||| ||spa||
041 _aESP
082 _a985.004
_bP27I
100 _aPásara, Luis
_eAUT
245 0 _aLa ilusión de un país distinto:
_bcambiar el Perú: de una generación a otra
260 _c2017
300 _a396 páginas :
_c24 cm.
650 _aGEN
654 _aCHU
942 _cLIB
_dJUS
_fJUS
_2ddc
_n
999 _c11080
_d11080